|
|
|
|
| LEADER |
00836cam a2200241 7i4500 |
| 001 |
0000045690 |
| 005 |
20240109090000.0 |
| 008 |
240109s2003 my # ### #00001may## |
| 020 |
# |
# |
|a 9781901919431
|
| 020 |
# |
# |
|a 1901919439
|
| 040 |
# |
# |
|a UMT
|b eng
|c UMT
|d Malcat
|e rda
|
| 090 |
0 |
0 |
|a DS 597.2
|b .A13 2003
|
| 100 |
0 |
# |
|a Abdul Razak Baginda
|e author
|
| 245 |
0 |
0 |
|a Malaysia in transition :
|b politics and society
|c Abdul Razak Baginda.
|
| 264 |
# |
0 |
|a London:
|b Asean Academic Press,
|c 2003
|
| 300 |
# |
# |
|a xxii, 264 pages;
|c 22 cm
|
| 336 |
# |
# |
|a text --
|2 rdacontent
|
| 337 |
# |
# |
|a unmediated --
|2 rdamedia
|
| 338 |
# |
# |
|a volume --
|2 rdacarrier
|
| 590 |
# |
# |
|a Pusat Pendidikan Asas dan Liberal
|
| 650 |
0 |
0 |
|a Malaysia --
|x Politics and government
|
| 650 |
0 |
0 |
|a Malaysia --
|x Social conditions
|
| 999 |
|
|
|a 1100036230
|b Book
|c Open Shelf
|e KOLEKSI TERBUKA
|